000 00538nam a2200193Ia 4500
008 151119s9999||||xx |||||||||||||| ||und||
082 _a891.461
082 _bGKKV9329
100 _aपवार जयंत
245 _aएकांकिका विचार
260 _a--
260 _b--
260 _c1992
600 _aपवार जयंत
630 _aएकांकिका विचार
700 _aपवार जयंत
730 _aएकांकिका विचार
942 _cBOOK
999 _c1063649
_d1063646